Modeling and forecasting inflation in India

Gespeichert in:
Bibliographische Detailangaben
1. Verfasser: Callen, Tim
Weitere Verfasser: Chang, Dongkoo
Format: Buch
Sprache:Englisch
Veröffentlicht: Washington International Monetary Fund 1999
Schriftenreihe:IMF Working Paper WP/99/119
Schlagworte:
Tags: Tag hinzufügen
Keine Tags, Fügen Sie das erste Tag hinzu!

MARC

LEADER 00000nam a2200000 4500
001 c123769
005 20221221083000.1
041 0 |a eng 
044 |a US 
245 1 0 |a Modeling and forecasting inflation in India  |c Tim Callen and Dongkoo Chang 
264 1 |a Washington  |b International Monetary Fund  |c 1999 
300 |a 36 s. 
490 1 |a IMF Working Paper  |v WP/99/119 
830 0 |a IMF Working Paper  |v WP/99/119 
610 2 0 |a inflácia 
610 2 0 |a India 
610 2 0 |a modelovanie 
610 2 0 |a prognózovanie 
100 1 |a Callen, Tim 
700 1 |a Chang, Dongkoo